000 00593cam a2200205 4500500
005 20260329004554.0
041 _afre
042 _adc
100 1 0 _aRontard, Yseult
_eauthor
245 0 0 _aLe décryptage/Quel tourisme pour cet été ?
260 _c2020.
500 _a54
690 _aCovid-19
690 _aCrise
690 _aMontaigne
690 _aTourisme
690 _aVoyage
786 0 _nPhilosophie magazine | 140 | 7 | 2020-07-01 | p. 6-6 | 1951-1787
856 4 1 _uhttps://shs.cairn.info/magazine-philosophie-magazine-2020-7-page-6?lang=fr&redirect-ssocas=7080
999 _c1835238
_d1835238